[Event "interzonal"]
[Site "Leningrad URS"]
[Date "1973.06.17"]
[Round "11"]
[White "Estevez Morales, Guillermo"]
[Black "Smejkal, Jan"]
[Result "0-1"]
[WhiteElo "2385"]
[BlackElo "2570"]
[EventDate "1973.06.02"]
[PlyCount "71"]

1.d4 Nf6 2.c4 g6 3.Nc3 d5 4.cxd5 Nxd5 5.e4 Nxc3 6.bxc3 Bg7 7.Bc4 c5 8.Ne2 
O-O 9.O-O Nc6 10.Be3 Qc7 11.Rc1 Rd8 12.Bf4 Qd7 13.dxc5 Qe8 14.Bd5 Bd7 15.
Qd3 e6 16.Bb3 Ne5 17.Bxe5 Bxe5 18.f4 Bb5 19.Qe3 Bg7 20.Rfd1 Qc6 21.c4 Ba6 
22.Rd6 Rxd6 23.cxd6 Qxd6 24.e5 Qc6 25.Ng3 b6 26.Bd1 Bf8 27.Kh1 Rd8 28.Bf3 
Qc5 29.Qb3 Qa3 30.Ra1 Rd3 31.Qc2 Bh6 32.Be4 Rd4 33.Rd1 Rxd1+ 34.Qxd1 Bxf4 
35.Qd8+ Qf8 36.Qc7 0-1

[Event "interzonal"]
[Site "Leningrad URS"]
[Date "1973.06.22"]
[Round "14"]
[White "Torre, Eugenio"]
[Black "Tukmakov, Vladimir"]
[Result "1-0"]
[WhiteElo "2430"]
[BlackElo "2560"]
[EventDate "1973.06.02"]
[PlyCount "75"]

1.e4 c5 2.Nf3 e6 3.d3 Nc6 4.g3 d5 5.Qe2 Nge7 6.Bg2 g6 7.h4 h6 8.e5 Nd4 9.
Nxd4 cxd4 10.Nd2 Nc6 11.O-O Bd7 12.Nf3 Bg7 13.b3 Qc7 14.Re1 O-O-O 15.Bf4 
Kb8 16.a3 Rc8 17.Qd2 a6 18.b4 Bf8 19.Rec1 f6 20.c4 dxc3 21.Rxc3 g5 22.hxg5
hxg5 23.Be3 fxe5 24.Bxg5 Bg7 25.Re1 Rhf8 26.Bh6 Bxh6 27.Qxh6 Qd6 28.Rc5 
Rf5 29.Nh4 Rff8 30.Rxd5 Qe7 31.Ng6 Qf6 32.Rxd7 Qxf2+ 33.Kh2 Rf3 34.Qh3 Qd2
35.Nxe5 Nxe5 36.Rxe5 Rf2 37.Rxb7+ Ka8 38.Ra7+ 1-0

[Event "interzonal"]
[Site "Leningrad URS"]
[Date "1973.06.25"]
[Round "16"]
[White "Gligoric, Svetozar"]
[Black "Quinteros, Miguel Angel"]
[Result "1/2-1/2"]
[WhiteElo "2595"]
[BlackElo "2480"]
[EventDate "1973.06.02"]
[PlyCount "117"]

1.d4 Nf6 2.c4 c5 3.d5 g6 4.Nc3 d6 5.e4 Bg7 6.Nf3 O-O 7.Be2 e5 8.O-O Ne8 9.
Ne1 f5 10.Nd3 Nd7 11.f4 Qe7 12.exf5 gxf5 13.Kh1 e4 14.Ne1 Ndf6 15.Nc2 Qf7 
16.Ne3 Qg6 17.Qe1 h5 18.Ncd1 Ng4 19.Rb1 Bd4 20.b4 Rf7 21.Rb3 Rg7 22.Bxg4 
hxg4 23.Nc2 Bf6 24.Bb2 Bxb2 25.Rxb2 cxb4 26.Qxb4 Nc7 27.g3 Na6 28.Qa3 Nc5 
29.Nce3 Rc7 30.Qa5 Qg7 31.h3 gxh3 32.Rh2 b6 33.Qd2 Qg6 34.Nf2 Rg7 35.Rxh3 
Bd7 36.Rg1 Kf7 37.Qd4 Rag8 38.Rh4 Rh7 39.Nh3 Rxh4 40.gxh4 Qh6 41.Rxg8 Kxg8
42.Ng2 Qg7 43.Qxg7+ Kxg7 44.Ne3 Nd3 45.a3 Kg6 46.Kg2 Ne1+ 47.Kg3 Nf3 48.
Ng5 Nd4 49.Kf2 a5 50.Ke1 b5 51.cxb5 Nxb5 52.Nc4 Nc7 53.Nb6 Be8 54.Kf2 Kf6 
55.a4 Ke7 56.Nc8+ Kd7 57.Nb6+ Ke7 58.Nc8+ Kd7 59.Nb6+ 1/2-1/2

[Event "interzonal"]
[Site "Leningrad URS"]
[Date "1973.06.25"]
[Round "16"]
[White "Smejkal, Jan"]
[Black "Karpov, Anatoly"]
[Result "0-1"]
[WhiteElo "2570"]
[BlackElo "2645"]
[EventDate "1973.06.02"]
[PlyCount "144"]

1.e4 c5 2.Nf3 e6 3.d4 cxd4 4.Nxd4 Nc6 5.Nc3 Qc7 6.Be2 a6 7.O-O Nf6 8.Be3 
Bb4 9.Na4 O-O 10.Nxc6 bxc6 11.Nb6 Rb8 12.Nxc8 Rfxc8 13.Bxa6 Rd8 14.Bd3 Bd6
15.Kh1 Be5 16.c3 Rxb2 17.Qc1 Ng4 18.f4 Nxe3 19.Qxb2 Bxf4 20.Qf2 Nxf1 21.
Rxf1 e5 22.g3 Qd6 23.Be2 Bg5 24.Qxf7+ Kh8 25.a4 Be7 26.a5 Rf8 27.Qc4 Rxf1+
28.Bxf1 Qf6 29.Kg2 Qf8 30.Be2 Bc5 31.Bg4 Qf2+ 32.Kh3 d6 33.Bd7 g6 34.Bxc6 
Kg7 35.Bb5 Qb2 36.a6 Bg1 37.Qe2 Qxc3 38.Bc4 Qc1 39.Qf1 Qh6+ 40.Kg2 Qxh2+ 
41.Kf3 Qh5+ 42.Kg2 Qh2+ 43.Kf3 Bd4 44.Bd5 Bc5 45.Bc6 Bd4 46.Bb7 g5 47.Kg4 
h5+ 48.Kf5 Qxg3 49.Ke6 Qf2 50.Qb5 Qf6+ 51.Kd5 g4 52.Bc8 Qe7 53.Bf5 Kh6 54.
Qf1 Qc7 55.Qe2 Qc5+ 56.Ke6 Kg5 57.Qf1 Qa3 58.Qe2 Bc5 59.Qd2+ Qe3 60.Qa5 
Bb6 61.Qa2 Qf2 62.Qb1 g3 63.Bh3 Kh4 64.Bg2 Qg1 65.Qxg1 Bxg1 66.Kxd6 Bd4 
67.a7 Bxa7 68.Kxe5 Kg4 69.Kd5 h4 70.e5 h3 71.Bxh3+ Kxh3 72.e6 Bc5 0-1

[Event "interzonal"]
[Site "Leningrad URS"]
[Date "1973.06.27"]
[Round "17"]
[White "Quinteros, Miguel Angel"]
[Black "Rukavina, Josip"]
[Result "1/2-1/2"]
[WhiteElo "2480"]
[BlackElo "2460"]
[EventDate "1973.06.02"]
[PlyCount "93"]

1.Nf3 d5 2.g3 c5 3.Bg2 Nc6 4.d4 e6 5.O-O Nf6 6.c4 dxc4 7.Qa4 Bd7 8.Qxc4 
cxd4 9.Nxd4 Rc8 10.Nxc6 Bxc6 11.Bxc6+ Rxc6 12.Qa4 a6 13.Nc3 Qb6 14.Bg5 Be7
15.Ne4 Nxe4 16.Bxe7 Nxg3 17.hxg3 Kxe7 18.Rad1 Rd8 19.Qh4+ f6 20.Qxh7 Kf7 
21.Qh5+ Kg8 22.e4 Rcd6 23.Rxd6 Qxd6 24.Rc1 e5 25.Kg2 Qd7 26.Rh1 b5 27.Qg6 
Qe8 28.Qh7+ Kf7 29.Rc1 Qd7 30.Rc5 Rc8 31.Rd5 Qg4 32.Rd6 Rc4 33.Rxa6 Qxe4+ 
34.Qxe4 Rxe4 35.Ra5 Rb4 36.b3 g5 37.Kf3 g4+ 38.Ke3 Ke6 39.Ra6+ Kf5 40.Rd6 
Re4+ 41.Kd2 b4 42.a4 bxa3 43.Ra6 Rd4+ 44.Ke2 Re4+ 45.Kf1 Rd4 46.Ke2 Re4+ 
47.Kf1 1/2-1/2